000 00613nam a2200157 4500
001 109538
003 ES-MaACL
005 20230906184848.0
007 t|
008 061121s1969 sp r ||||1| spa d
111 2 _aReunión de Amigos de la Ciudad Católica (
_n7ª.
_d1968.
_cBarcelona)
_9947
245 1 4 _aLos mitos actuales
_b: (actas de la VII Reunión de Amigos de la Ciudad Católica, celebrada en Barcelona en el Instituto filosófico La Balmesiana los días 1, 2 y 3 de noviembre de 1968).
260 _aMadrid :
_bSpeiro,
_c1969.
300 _a339 p. ;
_c21 cm.
852 _aES-MaACL
_jC-46952
_bR.72465
999 _c109538
_d109538